000 00249nam a2200109Ia 4500
008 260210s9999 xx 000 0 und d
020 _a9789881554703
100 _aHi-Design
245 0 _aWorld Public Architecture
260 _bPhoenix
942 _cPG
999 _c14035
_d14035